000 00652nam a22001695i 4500
001 160784
003 ES-MaACL
005 20230906212127.0
008 040804s1870 sp |||| | spa d
040 _aCAM
_bspa
_cCAM
245 0 3 _aLe nouveau jardinier illustré /
_crédigé par MM. F. Herincq ... [et al.]; avec plus de 500 dessins intercalés dans le texte de MM. Courtin, Faguet, Maubert et Riocreux; gravés par M. Bisson.
260 _aParis :
_blibrairie de E. Donnaud,
_c1870.
300 _aVIII, 1792 p. :
_bil. ;
_c19 cm.
650 0 4 _aJardinería.
_9136318
700 1 _aHerincq, F.
_9127880
852 _aES-MaACL
_jD-2641
_z-- Enc. hol.
999 _c160784
_d160784